000 00526nam a22001937a 4500
003 KOHA_MİRAKIL
005 20250127081814.0
008 250127b tu ||||| |||| 00| 0 tur d
020 _a9786057651129
040 _aTR-AnABB
_btur
_cTR-AnABB
041 _atur
082 _a811.42
_bCİF 2020
100 1 _aÇifçi, Yusuf
245 1 0 _aLeyla Paslanmaz /
_cYusuf Çifci
260 _aAnkara :
_bMaarif Mektepleri,
_c2020
300 _a96 sayfa ;
_c21 cm
650 0 4 _aTürk edebiyatı, şiir
942 _2ddc
_cBK
999 _c8047
_d8047
900 _bCan ÇELIK